| 000 | 00954nam a2200313 c 4500 | ||
|---|---|---|---|
| 001 | 44978 | ||
| 003 | ES-MaCES | ||
| 005 | 20150705153228.0 | ||
| 008 | 140724s2014 sp a s o000 | spa d | ||
| 017 |
_aM 50432-2002 _bDL |
||
| 024 | 7 |
_a792-14-015-1 _2nipo |
|
| 040 |
_aES-MaCES _bspa _cES-MaCES |
||
| 245 | 0 | 0 |
_aEspaña en cifras 2014 _c[Instituto Nacional de Estadística] |
| 260 |
_aMadrid _bINE _c[2014] |
||
| 300 |
_a54 p. _bil. col. _c25 cm |
||
| 541 | _cGratuito | ||
| 650 | 4 |
_acondiciones económicas _927081 |
|
| 650 | 4 |
_aindicador económico _927073 |
|
| 650 | 4 |
_acondiciones sociales _930469 |
|
| 650 | 4 |
_aindicador social _927259 |
|
| 650 | 4 |
_aEspaña _926964 |
|
| 650 | 4 |
_a2014 _934918 |
|
| 650 | 4 |
_adatos estadísticos _930765 |
|
| 653 | 1 | 0 | _aEstadísticas |
| 710 | 2 |
_aInstituto Nacional de Estadística (España) _94273 |
|
| 787 | 0 |
_tEspaña en cifras 2013 _w(ES-MaCES)44957 |
|
| 902 | _aLIB Libro | ||
| 942 |
_2CES _cBK _h8.0. |
||
| 999 |
_c44978 _d44978 |
||